| 000 | 01933cam a22005174i 4500 | ||
|---|---|---|---|
| 003 | PE-LiUPU | ||
| 005 | 20250731165556.0 | ||
| 008 | 150625s r 000 0 d | ||
| 020 | _a970104147X | ||
| 035 | _a(Sirsi) i9789701041475 | ||
| 040 |
_aPE-LiUPU _bspa _cPE-LiUPU _erda |
||
| 049 | _aPRUA | ||
| 082 | 0 | 4 |
_a001.51 _bR36 _221 |
| 100 | 1 |
_aReid, Neil, _eautor. |
|
| 245 | 1 | 0 |
_aManual de redes inalámbricas / _cNeil Reid y Ron Seide. |
| 264 | 1 |
_aMéxico D.F. : _bMcGraw-Hill Interamericana, _c2003. |
|
| 300 |
_a364 páginas : _bilustraciones, figuras, tablas ; _c22 centímetros |
||
| 336 |
_atext _2rdacontent |
||
| 337 |
_aunmediated _2rdamedia |
||
| 338 |
_avolume _2rdacarrier |
||
| 505 | 0 | _aTransformación de redes cableadas a redes inalámbricas. -Diseña la LAN inalámbrica de su compañia. -Selección del equipo y componentes WLAN. -Integración WLAN dentro de la infraestructura de su red. -Y la última milla. | |
| 526 | _aSEG44 | ||
| 526 | _aSEG26 | ||
| 526 | _aP151 | ||
| 526 | _aP150 | ||
| 526 | _aP149 | ||
| 526 | _aP146 | ||
| 526 | _aP145 | ||
| 526 | _aP126 | ||
| 526 | _aP125 | ||
| 526 | _aP92 | ||
| 526 | _aP75 | ||
| 526 | _aP74 | ||
| 526 | _aP27 | ||
| 526 | _aP15 | ||
| 541 | _g0014-013175; | ||
| 650 | 0 | 4 | _aComputación. |
| 650 | 0 | 4 |
_aComunicación de datos inalámbricos _xWi-Fi. |
| 650 | 0 | 4 |
_aRedes de área local inalámbricas _xAdministración. |
| 650 | 0 | 4 | _aSistema de transmisión de datos inalámbricos. |
| 942 |
_2ddc _cBOOK |
||
| 949 |
_a001.51 R36 _wDEWEY _c1 _i55473 _lCCODEBUL1 _mBUL _p55.00 _r0 _sY _tBOOK _u2015-6-25 _xINGENIERIA _PP27 _0COMPRA _o.STAFF. Colección General |
||
| 994 |
_aC0 _bPEPRU |
||
| 596 | _a1 | ||
| 999 |
_a001.51 R36 _wDEWEY _c44369 _i55473 _f2021-11-4 _g7 _lCCODEBUL1 _mBUL _p55.00 _q1 _r0 _sY _tBOOK _u2015-6-25 _xBIBLIOTECA _PP27 _0COMPRA _o.STAFF. Colección General _d44369 |
||
| 980 |
_81 _gALBERTO SANCHEZ Responsable de Automatización |
||